000 00905nam a22002777a 4500
001 BR8305896
003 BR-BrBNA
005 20230928091817.0
007 ta
008 230509b bl.||||| |||| 00| 0 por d
040 _aBR-BrBNA
_bpor
_cBiblioteca Nacional de Agricultura
041 _a(Por)
072 _aE21
_b/G514
090 _ E21 BR8305896
100 1 _aCastan, N.
100 1 _aTarga, L.R.P. (eds.)
110 1 _aFundacao de Economia e Estatistica, Porto Alegre, RS (Brasil)
_94853
245 1 _aA producao gaucha na economia nacional; uma analise da concorrencia intercapitalista, t. 1: proposta teorica e analise da industria [Rio Grande do Sul, Brasil]
260 3 _aPorto Alegre, RS (Brasil):
_c1983.
300 _a91 p.
500 _a9 tables; 6 illus.
650 _aECONOMIA DA PRODUCAO
650 _aINDUSTRIA AGRICOLA
909 _a202309
_bLucia
_c55
_dLucia Elande
942 _cBK
999 _c35639
_d35639